| 000 | 00531nam a2200217Ia 4500 | ||
|---|---|---|---|
| 003 | OSt | ||
| 005 | 20250628093645.0 | ||
| 008 | 210210b2009 xxu||||| |||| 00| 0 eng d | ||
| 020 | _a8180521435 | ||
| 040 | _cAL | ||
| 041 | _aeng | ||
| 082 | _a576.028 SHAM | ||
| 100 |
_aKanika Sharma _9134630 |
||
| 245 |
_aManual of microbiology _b : tools and techniques |
||
| 250 | _a2 | ||
| 260 |
_aNew Delhi _bAne Books Pvt. Ltd. _c2009 |
||
| 300 | _axvi,405 | ||
| 690 |
_aMicrobiology _9134639 |
||
| 906 | _a063781 | ||
| 942 |
_2ddc _cBK |
||
| 999 |
_c138892 _d138892 |
||